00465nam a22001577a 4500003000400000005001700004008004100021040000900062082001900071100001500090245004600105250000800151260003900159300001000198650009900208OSt20230502153857.0230502b |||||||| |||| 00| 0 eng d cSBCL a891.434bSHA-S aLal,Sharda aSumitranandan pant: Kavi aur Kavya(Hindi) a1st aDelhibTakshachila Prakashanc1986 a224p. 2Literature & rhetoricaLiteratures of other languagesvEast Indo-European & Celtic literatures